Estrategia educacional para el aprendizaje de prácticas correctas de alimentación infantil /

Saved in:
Bibliographic Details
Main Author: Gutiérrez Leyton, Mario
Format: Text
Subjects:
Tags: Add Tag
No Tags, Be the first to tag this record!

MARC

LEADER 00000 a a2200000 04500
001 47523
003
040
090 |a REV0857 6 (16) 1980  
100 |a Gutiérrez Leyton, Mario  
245 |a Estrategia educacional para el aprendizaje de prácticas correctas de alimentación infantil /  |c Mario Gutiérrez Leyton  
650 |a ESTRATEGIAS EDUCATIVAS  
650 |a PROCESO DE APRENDIZAJE  
650 |a ALIMENTACION  
650 |a NIÑOS  
773 |g volumen6, número16, mayo-agosto (1980)  
999 |c 35502  |d 35502